| 000 | 00423nam a22001697a 4500 | ||
|---|---|---|---|
| 003 | NUST - PNEC | ||
| 005 | 20170116181105.0 | ||
| 008 | 151003b xxu||||| |||| 00| 0 eng d | ||
| 020 | _a0340285249 | ||
| 040 | _cLIBRARY | ||
| 082 | _a669 HIG | ||
| 100 |
_912605 _aHiggins, Raymond A. |
||
| 245 |
_aEngineering metallurgy _cRaymond A.Higgins |
||
| 260 | _cc 1983 | ||
| 650 |
_912609 _aMetallurgy _xEE/ME |
||
| 942 |
_2ddc _cBK |
||
| 999 |
_c68911 _d68911 |
||